000 00798nam a2200241Ia 4500
003 OSt
005 20220926015459.0
006 a|||||r|||| 00| 0
007 ta
008 220923b |||||||| |||| 00| 0 eng d
020 _a9780230218895
_c1360.51
037 _b8789, 10/08/2009, Elite Publisher Distributors
_cGeneral Book
040 _aRTL
_cRTL
_beng
041 _2eng
_aeng
082 _aV3.N47, P8
100 _aCannadine David
_9146445
245 0 _aMaking history now and then
_b Discoveries, controversies and explorations.
260 _aNew York
_bPalgrave Macmillan
_c2008
300 _axii, 390p
_ccm.
650 _aSociology
942 _hV3.N47, P8
_cGB
_2CC
999 _c631711
_d631711